00488nam a22001697a 450000500170000001000150001702000260003203500140005803700090007208200130008110000250009424500690011925000060018826000400019427000640023430000200029820260211123156.0 aENG-147804 c499.00a9788199031555 aEN-131336 bDBAD a305.421 aDeokar, Deepali Atul aRangers:bWomen Reshaping the Conservation/cDeepali Atul Deokar a1 aNagpurbSahitya Prasar Kendrac2025 aSitbuldibNagpure440012k011-23379306miaeadelhi@gmail.com a150p.c22cm(pb)